Design, synthesis and characterisation of novel class of sugar-disulfide and coumarin- Triazole appended derivatives (Record no. 34721)
[ view plain ]
| 000 -LEADER | |
|---|---|
| fixed length control field | 00479nam a22001577a 4500 |
| 003 - CONTROL NUMBER IDENTIFIER | |
| control field | CUTN |
| 005 - DATE AND TIME OF LATEST TRANSACTION | |
| control field | 20210415161437.0 |
| 008 - FIXED-LENGTH DATA ELEMENTS--GENERAL INFORMATION | |
| fixed length control field | 210415b ||||| |||| 00| 0 eng d |
| 041 ## - LANGUAGE CODE | |
| Language | English |
| 082 ## - DEWEY DECIMAL CLASSIFICATION NUMBER | |
| Classification number | 540 |
| Item number | PUN |
| 100 ## - MAIN ENTRY--PERSONAL NAME | |
| Personal name | Punithavathi, P. |
| 245 ## - TITLE STATEMENT | |
| Title | Design, synthesis and characterisation of novel class of sugar-disulfide and coumarin- Triazole appended derivatives |
| 260 ## - PUBLICATION, DISTRIBUTION, ETC. (IMPRINT) | |
| Place of publication, distribution, etc | Thiruvarur |
| Name of publisher, distributor, etc | Central University of Tamil Nadu |
| 520 ## - SUMMARY, ETC. | |
| Summary, etc | M170503 |
| 942 ## - ADDED ENTRY ELEMENTS (KOHA) | |
| Source of classification or shelving scheme | Dewey Decimal Classification |
| Koha item type | Thesis/Dissertation & Project |
| Withdrawn status | Lost status | Source of classification or shelving scheme | Damaged status | Not for loan | Collection code | Home library | Location | Shelving location | Date of Cataloging | Total Checkouts | Full call number | Barcode | Date last seen | Price effective from | Koha item type | Public note |
|---|---|---|---|---|---|---|---|---|---|---|---|---|---|---|---|---|
| Dewey Decimal Classification | Reference | CUTN Central Library | CUTN Central Library | Thesis, Dissertation & Project | 15/04/2021 | 540 PUN | M004 | 15/04/2021 | 15/04/2021 | Thesis/Dissertation & Project | M.phil- Dissertation-Chemistry |
